Central Library OPAC University of Rajshahi
Normal view MARC view

Entry Personal Name

Number of records used in: 1

001 - CONTROL NUMBER

  • control field: 3875

003 - CONTROL NUMBER IDENTIFIER

  • control field: BD-RjUL

005 - DATE AND TIME OF LATEST TRANSACTION

  • control field: 20220626103938.0

008 - FIXED-LENGTH DATA ELEMENTS

  • fixed length control field: 220626|| aca||aabn | a|a d

040 ## - CATALOGING SOURCE

  • Original cataloging agency: BD-RjUL
  • Transcribing agency: BD-RjUL

100 ## - HEADING--PERSONAL NAME

  • Personal name: mangalore, Montaz ;; منگلورى, ممتاز

670 ## - SOURCE DATA FOUND

  • Source citation: Work cat.: (BD-RjUL)80035: mangalore, Montaz ;; منگلورى, ممتاز, طىف نثر ؛ وجہى سے دور جدىد تک اسالىب نثر اردو کے ارتقاء پر سىّد عبد الله کے کلاس لىکچروں کا مجموعہ (ترمىم و اضافہ کے ساتھ);; T̤aif-i nas̲r ; Vajhī se daur-i jadīd tak asālīb-i nas̲r-i urdū ke irtiqāʼ par Sayyid ʻAbdullāh ke klās lekcaron̲ kā majmūʻah (tarmīm o iẓāfah ke sāth) /, 1965